| 000 | 01800nam a22002657a 4500 | ||
|---|---|---|---|
| 999 |
_c57858 _d57858 |
||
| 003 | Ge_BSU | ||
| 005 | 20210318122709.0 | ||
| 008 | 210318s2020 ge ||||| |||| 00| 0 geo d | ||
| 020 | _a9789941139697 | ||
| 041 | _ageo | ||
| 080 | _a341.9(063) კ-41 | ||
| 245 |
_aკერძო ავტონომია, როგორც კერძო სამართლის ფუძემდებლური პრინციპი : _bკონფერენციის მასალები / _cრედაქტორი თამარ ზარანდია, ევგენია კურზინსკი-სინგერ. |
||
| 264 |
_aთბილისი: _bთსუ, _c2020. |
||
| 300 |
_a272 გვ. _b30 სმ. |
||
| 500 | _aპარალ. სათაური გერმ. რუს. და ინგლ. ენაზე | ||
| 504 | _aბიბლიოგრ. ტექსტების ბოლოს | ||
| 546 | _aტექსტები რუსულ ენ. | ||
| 653 | _aთსუ-ში ჩატარებული საერთაშორისო კონფერენციის მასალები | ||
| 653 | _aსამართალი | ||
| 653 | _aთსუ და მაქს პლანკის სახ. საზღვარგარეთის ქვეყნებისა და საერთაშორისო კერძო სამართლის ინ-ტის ერთობლივი კონფერენცია | ||
| 700 |
_aზარანდია, თამარ _eრედაქტორი _95936 |
||
| 700 |
_aკურზინსკი-სინგერ, ევგენია _eრედაქტორი _910542 |
||
| 710 |
_aთსუ _910543 |
||
| 942 |
_2udc _cBK |
||